Zoos les plus visités de France - Statistiques

Statistiques générales
  • Ce quiz a été pris 214 fois
  • Le résultat moyen est 5 sur 10
Statistiques - réponses
Nombre de visiteurs Nom du zoo % Correct
2 000 000 ZooParc de Beauval
97%
367 000 Zoo de la Flèche
76%
690 000 Le PAL
58%
702 292 Parc zoologique de Paris
53%
530 514 Zoo de la Palmyre
50%
640 000 ZooSafari de Thoiry
47%
373 698 Réserve Africaine de Sigean
23%
387 000 Safari de Peaugres
20%
453 276 Ménagerie du Jardin des Plantes
15%
400 000 Parcs zoologiques de Lumigny
11%
Aucun quiz correspondant
Distribution des résultats
% des personnes avec chaque résultat
Percentile par nombre de réponses
Votre historique - résultats
Vous n’avez pas pris ce quiz